Responses for show #2381 - Monday, January 2, 1995

John McKeon game 2.

Contestants

Eric Schon, a molecular biologist from the Bronx, New York

Julia Simmons, a homemaker originally from Baton Rouge, Louisiana

John McKeon, a writer from Chevy Chase, Maryland (whose 1-day cash winnings total $13,100)

Jeopardy! Round responses

THE CIVIL WAR
SPORTS
THE CUTTING BOARD
STATE CAPITALS
LONG TIME PASSING
CROSSWORD CLUES "Y"
    $100 1
Robert E. Lee

John
    $100 7
the New York Mets

Eric
    $100 21
a grapefruit

John
    $100 6
Raleigh, North Carolina

John
    $100 22
Two Years

John
    $100 16
a yawn

John
    $200 2
Gettysburg

Julia
    $200 11
Joe Montana

Eric
    $200 27
pare

Julia
    $200 8
Sacramento

Eric
    $200 23
1,000

Eric
    $200 17
yummy

Julia
    $300 3
Texas

John
    $300 13
the Orlando Magic

Julia
    $300 28
fillet

Eric
    $300 9
Pierre

Eric
    $300 24
a filibuster

John
    $300 18
yarn

Julia
    $400 4
President Lincoln

John
    $400 14
"Macho"

Eric
    $400 29
to butterfly

John
    $400 10
Boise

John
    $400 25
60 Minutes

Triple Stumper
    $400 19
Yabba Dabba Doo

Julia
    $500 5
Jefferson Davis

Julia
    $500 15
(John: Who is Maureen Connolly?)

Babe Didrikson (Zaharias)

JohnEric
    $500 30
julienne

John
    $700 12
(Eric: What is Concord, New Hampshire?)

Atlanta

Eric
    $500 26
Lucy

Eric
    $500 20
Yosemite

Triple Stumper

Scores at the first commercial break (after clue 15):

John Julia Eric
$800 $1,000 $1,000

Scores at the end of the Jeopardy! Round:

John Julia Eric
$2,300 $2,100 $2,000

Double Jeopardy! Round responses

THE 1920s
TECHNOLOGY
ARTISTS
WOMEN AUTHORS
WORLD MONEY
GILBERT & SULLIVAN
    $200 10
(Coco) Chanel

Eric
    $200 1
television sets

John
    $200 11
Gilbert Stuart

Julia
    $200 2
Agatha Christie

John
    $200 22
the pound (sterling)

Eric
    $200 13
The Pirates of Penzance

Eric
    $400 12
the Oxford English Dictionary

John
    $400 5
a needle

Eric
    $400 15
(Lady) Hamilton

Eric
    $400 3
Pearl Buck

Julia
    $400 23
the (French) franc

Eric
    $400 28
[The end-of-round signal sounds.]

cream

John
    $600 17
Mussolini

John
    $600 6
an ampere

Eric
    $600 16
(Eric: Who is da Vinci?)

Michelangelo

JuliaEric
    $600 4
(Julia: Who is George Sand?)

George Eliot

JuliaEric
    $600 24
(Eric: What is a sheep?)
...
(Alex: We have a minute to go.)

a Barbary ape

Eric
Triple Stumper
    $800 7
DNA

John
    $1,000 20
(Vincent) van Gogh

Eric
    $800 8
Dorothy Parker

John
    $800 25
Liszt

John
    $800 19
The Mikado

Eric
    $3,000 26
Trotsky

John
    $1000 14
cyberspace

Eric
    $1000 21
Diego Rivera

Eric
    $1000 9
Daphne du Maurier

Julia
    $1000 27
Wilhelmina

Eric
    $1000 18
(John: Who is Lord Byron?)

Lord Tennyson

John
Triple Stumper

Scores at the end of the Double Jeopardy! Round:

John Julia Eric
$8,500 $3,700 $8,600

[wagering suggestions for these scores]

Final Jeopardy! Round responses

AUTOMAKERS
(Alex: Ford is number two worldwide.)
...
(Alex: Audi is much smaller than the ones we are considering.)
...
(Alex: It's General Motors, Ford, Toyota and then [*].)
JuliaWhat is Ford?
$700
JohnWhat is Audi?
$0
EricWhat is Renault
$8,401
Volkswagen

Final scores:

John Julia Eric
$8,500 $3,000 $199
2-day champion: $21,600 2nd place: trip on TWA to Asheville, North Carolina & stay at Grove Park Inn Resort + Jeopardy! 3rd place: /i> Hammerman gold earrings + Jeopardy!

Game dynamics:

Coryat scores:

John Julia Eric
$6,500 $3,700 $9,100
20 R
(including 1 DD),
2 W
11 R,
1 W
22 R
(including 1 DD),
3 W
(including 1 DD)

Combined Coryat: $19,300

The J! Archive is created by fans, for fans. The Jeopardy! game show and all elements thereof, including but not limited to copyright and trademark thereto, are the property of Jeopardy Productions, Inc. and are protected under law. This website is not affiliated with, sponsored by, or operated by Jeopardy Productions, Inc. Join the discussion at JBoard.tv.